| 000 | 01384nam a2200253 a 4500 | ||
|---|---|---|---|
| 008 | 080109s1984 ||||||||||||||||| || u | ||
| 020 | _a0070238073 | ||
| 050 | _aQA 76 Gor | ||
| 100 | _aStubbe, John | ||
| 245 | 1 | 0 | _aComputers and information systems |
| 250 | _a2nd ed. | ||
| 260 |
_aNew York: _bMcGraw-Hill _c1984 |
||
| 300 | _axix, 504p.: ill. | ||
| 350 | _a0.00 | ||
| 500 | _aPreviously published as: Computers and data processing. -Includes index. -Bibliography: p. 390-391. | ||
| 650 | 0 | _aELECTRONIC DATA PROCESSING | |
| 650 | _aELECTRONIC DIGITAL COMPUTERS | ||
| 700 | _aGore, Marvin R | ||
| 995 |
_aMAIN LIBRARY OPEN ACCESS _D0.00 _e718905 _FCBU-MAIN LIBRARY (Kitwe) _H4 _I39.00 _jQA 76 Gor _M4 _ULOST _y100882 _ZMain Library Open Access Collection |
||
| 995 |
_aMAIN LIBRARY OPEN ACCESS _D0.00 _e709357 _FCBU-MAIN LIBRARY (Kitwe) _H1 _I39.00 _jQA 76 Gor _M3 _ULOST _y026824 _ZMain Library Open Access Collection |
||
| 995 |
_aMAIN LIBRARY OPEN ACCESS _D0.00 _e722811 _FCBU-MAIN LIBRARY (Kitwe) _H3 _I39.00 _jQA 76 Gor _M2 _UAVAILABLE _y010883 _ZMain Library Open Access Collection |
||
| 995 |
_aBINDERY (DAMAGED) _D0.00 _e709356 _FCBU-MAIN LIBRARY (Kitwe) _H1 _I0.00 _jQA 76 Gor _UDAMAGED _WJun 2, 2009 _y709356 _ZMain Library Open Access Collection |
||
| 995 |
_aBINDERY (DAMAGED) _D0.00 _e718906 _FCBU-MAIN LIBRARY (Kitwe) _H2 _I39.00 _jQA 76 Gor _M1 _UDAMAGED _y008094 _ZMain Library Open Access Collection |
||
| 999 |
_c79692 _d79692 |
||